000 00232nam a22000857a 4500
008 161217b xxu||||| |||| 00| 0 eng d
100 _92100
_aBatten.D
245 _aThe Revised & Expanded Answers Book
260 _aAmerica
_bMaster book
_c1990
999 _c4988
_d4988